00474nam a2200121 a 450000500170000000800410001702000150005805000220007324500660009526000330016152001180019465000400031220140414132058.0110725s19uu xx 00 eng d a0753451948 aREF 909bK58 1999 aThe kingfisher history encyclopedia Vol.4 :bThe middle ages. aLondon :bKingfisher,c1999. a A reference guide to world history, featuring a timeline, key date boxes, and biographies of historical figures. aWorld historyxJuvenile literature.